Prírodné zdroje a ich úloha k prekonaniu zaostalosti rozvojových krajín diplomová práca
Guardado en:
| Autor principal: | |
|---|---|
| Autor Corporativo: | |
| Otros Autores: | |
| Formato: | Libro |
| Lenguaje: | eslovaco |
| Publicado: |
Bratislava
2012
|
| Etiquetas: |
Sin Etiquetas, Sea el primero en etiquetar este registro!
|
MARC
| LEADER | 00000nbm a2200000 4500 | ||
|---|---|---|---|
| 001 | 0158049 | ||
| 005 | 20230113073813.0 | ||
| 041 | 0 | |a slo | |
| 044 | |a SK | ||
| 245 | 1 | 0 | |a Prírodné zdroje a ich úloha k prekonaniu zaostalosti rozvojových krajín |b diplomová práca |c Dagmara Urbančíková ; školiteľ: Saleh Mothana Obadi |
| 264 | 1 | |a Bratislava |c 2012 | |
| 300 | |a 79 s. | ||
| 100 | 1 | |a Urbančíková, Dagmara | |
| 700 | 1 | |a Obadi, Saleh Mothana | |
| 710 | 2 | |a Obchodná fakulta EU. Katedra medzinárodného obchodu | |